Comarques de Catalunya ordenades alfabèticament - Statistics

General Stats
  • This quiz has been taken 19 times
  • The average score is 30 of 43
Answer Stats
Comarca % Correct
Alt Empordà
100%
Alt Urgell
100%
Anoia
100%
Bages
100%
Baix Empordà
100%
Alt Camp
92%
Baix Camp
92%
Baix Llobregat
92%
Barcelonès
92%
Alta Ribagorça
83%
Alt Penedès
83%
Aran
83%
Berguedà
83%
Vallès Occidental
83%
Vallès Oriental
83%
Baix Ebre
75%
Baix Penedès
75%
Cerdanya
75%
Garrigues
67%
Garrotxa
67%
Moianès
67%
Montsià
67%
Noguera
67%
Gironès
58%
Osona
58%
Pallars Jussà
58%
Pallars Sobirà
58%
Ripollès
58%
Segarra
58%
Segrià
58%
Selva
58%
Tarragonès
58%
Urgell
58%
Garraf
50%
Maresme
50%
Pla de l'Estany
50%
Priorat
50%
Solsonès
50%
Terra Alta
50%
Conca de Barberà
42%
Lluçanès
42%
Pla d'Urgell
42%
Ribera d'Ebre
33%
No matching quizzes found
Score Distribution
Percent of People with Each Score
Percentile by Number Answered
Your Score History
You have not taken this quiz